| 000 | 00955nam a22002297a 4500 | ||
|---|---|---|---|
| 008 | 110511r20052006enk|||||r|||| 001 0ceng d | ||
| 020 | _a0747563691 | ||
| 020 | _a9780747563693 | ||
| 082 |
_222 _a629.4540922 _bSMI |
||
| 100 |
_923755 _aSmith, Andrew |
||
| 245 |
_aMoondust : _bIn Search of the Men who Fell to Earth / _cAndrew Smith |
||
| 260 |
_aLondon : _bBloomsbury, 2006 _c2006 |
||
| 300 |
_a372 p. : _b1 ill. ; _c20 cm. |
||
| 500 | _aShortlisted for British Book Awards: Best Read of the Year 2006. | ||
| 610 |
_923756 _aProject Apollo (U.S.) |
||
| 650 |
_923757 _aAstronauts _vInterviews _zUnited States |
||
| 650 |
_923758 _aSpace flight to the moon _zUnited States |
||
| 653 |
_bGen _cMay2011 _dBestSellers |
||
| 710 |
_923756 _aProject Apollo (U.S.) |
||
| 942 |
_2ddc _cBB |
||
| 999 |
_c15268 _d15268 |
||